000 00324 a2200157 4500
001 61805
020 _a85262310060
040 _cAnchieta - Pituba
100 _aMáximo, Antônio
240 1 0 _aCurso de física
_lpor
245 1 0 _aCurso de física
300 _a414
362 0 _a2000
650 4 _aFísica
942 _cBK
999 _c61805
_d61805